00747 a2200205 450000100060000002000180000604000220002410000210004624000300006724500250009730000080012236200090013044000120013965000230015194200070017495201130018195201130029495201170040799900170052456546 a9788516055561 cAnchieta - Pituba aCarrasco, Walcyr10aA palavra não ditalpor10aA palavra não dita a1670 a2007 1aModerna 4aLiteratura juvenil cBK 00104070a91.1b91.1d2023-11-21l0oLJ 028.5 C313p CAR PALp6072/PITr2023-11-21 18:24:02w2023-11-21yBK 00104070a91.1b91.1d2023-11-21l0oLJ 028.5 C313p CAR PALp6073/PITr2023-11-21 18:24:02w2023-11-21yBK 00102udc4070a39.1b39.1d2024-08-15l0o028.5 C313pp11146/CCPr2024-08-15 13:04:04tEx. 1w2024-08-15yBKu c56546d56546